| 000 | 00642nam a2200229Ia 4500 | ||
|---|---|---|---|
| 003 | OSt | ||
| 005 | 20220918225020.0 | ||
| 006 | a|||||r|||| 00| 0 | ||
| 007 | ta | ||
| 008 | 220917b |||||||| |||| 00| 0 eng d | ||
| 024 | _a236,150 | ||
| 037 | _cTextual | ||
| 040 |
_aARTS _cARTS _beng |
||
| 041 |
_2eng _aeng |
||
| 082 | _aX:8E'N80<-N79, L8 | ||
| 245 | 0 | _aDraft programme and budget for 1979-1980 | |
| 260 |
_aParis _bUnited Naitons Educational Scientific and Cultural Organisation France _c1978 |
||
| 300 |
_a420p. _ccm. |
||
| 650 | _aECONOMICS | ||
| 942 |
_hX:8E'N80<-N79, L8 _cTEXL _2CC |
||
| 999 |
_c283104 _d283104 |
||